[Event "EYCC 2024 - G14"]
[Site "?"]
[Date "2024.08.26"]
[Round "5.1"]
[White "Beber, Anja"]
[Black "Heibo, Amalie Linnea"]
[Result "1-0"]
[BlackElo "1656"]
[WhiteElo "1877"]
[LiveChessVersion "1.4.8"]

1. e4 {[%clk 1:30:57]} e6 {[%clk 1:30:08]} 2. d3 {[%clk 1:31:19]} d5
{[%clk 1:29:27]} 3. Nd2 {[%clk 1:31:40]} c5 {[%clk 1:27:30]} 4. g3
{[%clk 1:31:40]} Nc6 {[%clk 1:25:50]} 5. Bg2 {[%clk 1:31:33]} Nf6
{[%clk 1:23:53]} 6. Ngf3 {[%clk 1:31:45]} Be7 {[%clk 1:22:37]} 7. O-O
{[%clk 1:31:52]} O-O {[%clk 1:22:11]} 8. c3 {[%clk 1:28:24]} b6 {[%clk 1:16:28]}
9. Qc2 {[%clk 1:27:33]} Bb7 {[%clk 1:15:27]} 10. Re1 {[%clk 1:27:06]} Qc7
{[%clk 1:14:52]} 11. Nf1 {[%clk 1:25:39]} h6 {[%clk 1:12:58]} 12. Ne3
{[%clk 1:23:25]} Rfd8 {[%clk 1:07:47]} 13. exd5 {[%clk 1:21:23]} Nxd5
{[%clk 1:04:31]} 14. Nxd5 {[%clk 1:13:00]} exd5 {[%clk 1:02:19]} 15. a3
{[%clk 1:08:50]} a5 {[%clk 0:52:36]} 16. Bd2 {[%clk 1:00:33]} Re8
{[%clk 0:45:01]} 17. Qb3 {[%clk 0:49:22]} Rad8 {[%clk 0:36:46]} 18. Bf4
{[%clk 0:45:20]} Bd6 {[%clk 0:23:28]} 19. Rxe8+ {[%clk 0:45:05]} Rxe8
{[%clk 0:23:50]} 20. Bxd6 {[%clk 0:45:27]} Qxd6 {[%clk 0:24:18]} 21. Qxb6
{[%clk 0:45:47]} Rb8 {[%clk 0:23:59]} 22. Qb3 {[%clk 0:44:40]} Ba6
{[%clk 0:23:50]} 23. Qc2 {[%clk 0:45:03]} Qg6 {[%clk 0:23:15]} 24. Rd1
{[%clk 0:44:56]} c4 {[%clk 0:22:41]} 25. Bf1 {[%clk 0:41:18]} Qf5
{[%clk 0:18:50]} 26. Nh4 {[%clk 0:39:39]} Qh7 {[%clk 0:18:06]} 27. Qe2
{[%clk 0:23:23]} cxd3 {[%clk 0:16:50]} 28. Qf3 {[%clk 0:23:36]} Rd8
{[%clk 0:14:06]} 29. Bxd3 {[%clk 0:19:45]} Bxd3 {[%clk 0:14:34]} 30. Qxd3
{[%clk 0:20:05]} Qxd3 {[%clk 0:15:02]} 31. Rxd3 {[%clk 0:20:27]} Ne5
{[%clk 0:15:16]} 32. Rd1 {[%clk 0:07:39]} a4 {[%clk 0:12:29]} 33. Nf5
{[%clk 0:07:55]} Kf8 {[%clk 0:12:32]} 34. Ne3 {[%clk 0:07:14]} d4
{[%clk 0:12:25]} 35. f4 {[%clk 0:05:50]} Nc6 {[%clk 0:12:02]} 36. cxd4
{[%clk 0:05:12]} Rxd4 {[%clk 0:11:48]} 37. Rxd4 {[%clk 0:04:44]} Nxd4
{[%clk 0:12:16]} 38. Nd5 {[%clk 0:05:00]} Nb3 {[%clk 0:10:06]} 39. Kf2
{[%clk 0:05:15]} Ke8 {[%clk 0:10:28]} 40. Ke3 {[%clk 0:05:35]} f5
{[%clk 0:09:38]} 41. Nc3 {[%clk 0:05:23]} Nc5 {[%clk 0:08:18]} 42. Kd4
{[%clk 0:05:43]} Nd7 {[%clk 0:08:32]} 43. Nxa4 {[%clk 0:06:04]} g5
{[%clk 0:08:58]} 44. Nc5 {[%clk 0:06:06]} Nf6 {[%clk 0:09:03]} 45. fxg5
{[%clk 0:06:04]} hxg5 {[%clk 0:09:31]} 46. Ke5 {[%clk 0:06:04]} Ng4+
{[%clk 0:09:51]} 47. Kxf5 {[%clk 0:06:24]} Nxh2 {[%clk 0:10:09]} 48. Kxg5
{[%clk 0:06:50]} Nf3+ {[%clk 0:10:35]} 49. Kh5 {[%clk 0:07:00]} 1-0

[Event "EYCC 2024 - G14"]
[Site "?"]
[Date "2024.08.26"]
[Round "5.2"]
[White "Gevorgyan, Nrane"]
[Black "Viti, Greta"]
[Result "0-1"]
[BlackElo "1874"]
[WhiteElo "1627"]
[LiveChessVersion "1.4.8"]

1. e4 {[%clk 1:30:58]} e5 {[%clk 1:30:56]} 2. Nf3 {[%clk 1:31:23]} Nc6
{[%clk 1:31:23]} 3. Bb5 {[%clk 1:31:48]} a6 {[%clk 1:31:49]} 4. Ba4
{[%clk 1:32:12]} Nf6 {[%clk 1:32:14]} 5. O-O {[%clk 1:32:34]} Bc5
{[%clk 1:32:42]} 6. c3 {[%clk 1:32:21]} O-O {[%clk 1:32:57]} 7. d4
{[%clk 1:31:05]} Ba7 {[%clk 1:33:22]} 8. dxe5 {[%clk 1:22:51]} Nxe4
{[%clk 1:33:40]} 9. Bc2 {[%clk 1:22:49]} d5 {[%clk 1:25:20]} 10. exd6
{[%clk 1:17:21]} Nxd6 {[%clk 1:25:31]} 11. Bg5 {[%clk 1:15:06]} f6
{[%clk 1:21:50]} 12. Qd3 {[%clk 1:02:46]} Nf5 {[%clk 1:01:48]} 13. Qc4+
{[%clk 0:57:22]} Kh8 {[%clk 1:01:53]} 14. Bf4 {[%clk 0:56:12]} Re8
{[%clk 0:58:05]} 15. Rd1 {[%clk 0:47:45]} Qe7 {[%clk 0:54:15]} 16. Na3
{[%clk 0:43:58]} Be6 {[%clk 0:52:02]} 17. Qe4 {[%clk 0:44:02]} g6
{[%clk 0:47:20]} 18. b4 {[%clk 0:39:35]} a5 {[%clk 0:42:15]} 19. Nb5
{[%clk 0:38:46]} Bb6 {[%clk 0:41:26]} 20. a3 {[%clk 0:38:27]} Qf7
{[%clk 0:40:23]} 21. Ba4 {[%clk 0:24:14]} axb4 {[%clk 0:36:46]} 22. axb4
{[%clk 0:24:42]} Rxa4 {[%clk 0:36:41]} 23. Rxa4 {[%clk 0:25:11]} Bb3
{[%clk 0:37:00]} 24. Qxe8+ {[%clk 0:17:49]} Qxe8 {[%clk 0:37:20]} 25. Re1
{[%clk 0:18:18]} Qf7 {[%clk 0:36:38]} 26. Ra8+ {[%clk 0:18:32]} Kg7
{[%clk 0:36:54]} 27. Rae8 {[%clk 0:16:00]} Qc4 {[%clk 0:35:25]} 28. Nfd4
{[%clk 0:14:08]} Ncxd4 {[%clk 0:32:26]} 29. Nxd4 {[%clk 0:14:35]} Bxd4
{[%clk 0:31:39]} 30. cxd4 {[%clk 0:15:03]} Qxd4 {[%clk 0:25:27]} 31. Bxc7
{[%clk 0:15:08]} Qxb4 {[%clk 0:25:45]} 32. R1e4 {[%clk 0:13:20]} Qc5
{[%clk 0:24:30]} 33. Bf4 {[%clk 0:13:43]} Bd5 {[%clk 0:23:04]} 34. Re1
{[%clk 0:13:14]} Qd4 {[%clk 0:18:37]} 35. Bc1 {[%clk 0:12:01]} Qg4
{[%clk 0:18:09]} 0-1

[Event "EYCC 2024 - G14"]
[Site "?"]
[Date "2024.08.26"]
[Round "5.3"]
[White "Richter, Johanna"]
[Black "Corvi, Maddalena"]
[Result "1-0"]
[BlackElo "1646"]
[WhiteElo "1861"]
[LiveChessVersion "1.4.8"]

1. d4 {[%clk 1:30:58]} d5 {[%clk 1:30:51]} 2. c4 {[%clk 1:31:24]} e6
{[%clk 1:31:07]} 3. Nc3 {[%clk 1:31:49]} Nf6 {[%clk 1:31:24]} 4. cxd5
{[%clk 1:32:16]} exd5 {[%clk 1:31:45]} 5. Bg5 {[%clk 1:32:40]} Be7
{[%clk 1:32:04]} 6. e3 {[%clk 1:33:07]} O-O {[%clk 1:31:41]} 7. Bd3
{[%clk 1:33:34]} c6 {[%clk 1:31:17]} 8. Qc2 {[%clk 1:33:59]} Nbd7
{[%clk 1:31:06]} 9. Nf3 {[%clk 1:34:20]} Re8 {[%clk 1:30:45]} 10. O-O
{[%clk 1:34:29]} Nf8 {[%clk 1:29:12]} 11. Rab1 {[%clk 1:29:10]} g6
{[%clk 1:18:15]} 12. Rfc1 {[%clk 1:19:36]} Ne6 {[%clk 1:05:27]} 13. Bh4
{[%clk 1:16:43]} Ng7 {[%clk 0:59:13]} 14. Na4 {[%clk 1:08:43]} Bf5
{[%clk 0:37:23]} 15. b4 {[%clk 1:01:46]} Rc8 {[%clk 0:32:57]} 16. h3
{[%clk 0:50:37]} Bxd3 {[%clk 0:30:48]} 17. Qxd3 {[%clk 0:50:43]} Nf5
{[%clk 0:27:18]} 18. Bg5 {[%clk 0:47:10]} Nd6 {[%clk 0:25:28]} 19. Ne5
{[%clk 0:39:45]} Nfe4 {[%clk 0:22:27]} 20. Bxe7 {[%clk 0:38:15]} Qxe7
{[%clk 0:21:51]} 21. Nc5 {[%clk 0:34:09]} Nf6 {[%clk 0:19:24]} 22. a4
{[%clk 0:31:38]} a6 {[%clk 0:18:33]} 23. Nf3 {[%clk 0:24:47]} Rb8
{[%clk 0:16:02]} 24. Ne1 {[%clk 0:23:13]} Rec8 {[%clk 0:12:45]} 25. Nc2
{[%clk 0:21:31]} Qe8 {[%clk 0:12:04]} 26. Na3 {[%clk 0:21:30]} Kg7
{[%clk 0:08:50]} 27. Rc2 {[%clk 0:17:11]} Ra8 {[%clk 0:03:49]} 28. b5
{[%clk 0:13:44]} cxb5 {[%clk 0:01:03]} 29. axb5 {[%clk 0:13:54]} a5
{[%clk 0:01:14]} 30. b6 {[%clk 0:12:16]} a4 {[%clk 0:00:41]} 31. Nb5
{[%clk 0:10:15]} Nxb5 {[%clk 0:00:36]} 32. Rxb5 {[%clk 0:09:56]} a3
{[%clk 0:00:37]} 33. Ra2 {[%clk 0:10:15]} Rcb8 {[%clk 0:00:50]} 34. Rb3
{[%clk 0:10:27]} Qc6 {[%clk 0:01:15]} 35. Rb1 {[%clk 0:09:52]} Ra5
{[%clk 0:01:02]} 36. Rxa3 {[%clk 0:10:03]} Rba8 {[%clk 0:01:06]} 37. Rc3
{[%clk 0:09:34]} Ra1 {[%clk 0:01:00]} 38. Rcc1 {[%clk 0:09:07]} R8a3
{[%clk 0:00:52]} 39. Qd1 {[%clk 0:08:14]} R1a2 {[%clk 0:01:01]} 40. Rb3
{[%clk 0:06:11]} Ra8 {[%clk 0:00:54]} 41. Rb4 {[%clk 0:05:45]} R8a3
{[%clk 0:00:42]} 42. Ne4 {[%clk 0:03:20]} Qe6 {[%clk 0:00:40]} 43. Nc3
{[%clk 0:03:24]} Ra1 {[%clk 0:00:36]} 44. Rxa1 {[%clk 0:03:47]} Rxc3
{[%clk 0:00:53]} 45. Rb3 {[%clk 0:03:28]} Rc6 {[%clk 0:01:15]} 46. Qb1
{[%clk 0:03:37]} Nd7 {[%clk 0:01:33]} 47. Ra7 {[%clk 0:03:49]} Nxb6
{[%clk 0:01:44]} 48. Rxb7 {[%clk 0:04:02]} Nc4 {[%clk 0:02:09]} 49. Qe1
{[%clk 0:03:50]} Qd6 {[%clk 0:02:17]} 50. Rb1 {[%clk 0:03:30]} Ra6
{[%clk 0:02:13]} 51. Qb4 {[%clk 0:03:24]} Qf6 {[%clk 0:02:07]} 52. Rb8
{[%clk 0:03:17]} Ra2 {[%clk 0:02:13]} 53. Qf8# {[%clk 0:03:43]} 1-0

[Event "EYCC 2024 - G14"]
[Site "?"]
[Date "2024.08.26"]
[Round "5.4"]
[White "Kozusnikova, Daniela"]
[Black "Nahapetyan, Ani"]
[Result "0-1"]
[BlackElo "1637"]
[WhiteElo "1804"]
[LiveChessVersion "1.4.8"]

1. e4 {[%clk 1:30:57]} c5 {[%clk 1:30:55]} 2. Nf3 {[%clk 1:31:21]} d6
{[%clk 1:31:15]} 3. Bb5+ {[%clk 1:31:42]} Nd7 {[%clk 1:31:32]} 4. a4
{[%clk 1:31:25]} Ngf6 {[%clk 1:27:42]} 5. Nc3 {[%clk 1:31:40]} a6
{[%clk 1:25:59]} 6. Be2 {[%clk 1:31:58]} g6 {[%clk 1:24:51]} 7. O-O
{[%clk 1:30:53]} Bg7 {[%clk 1:24:39]} 8. a5 {[%clk 1:25:31]} O-O {[%clk 1:22:41]}
9. d4 {[%clk 1:25:34]} cxd4 {[%clk 1:21:36]} 10. Nxd4 {[%clk 1:25:24]} Nc5
{[%clk 1:19:35]} 11. f3 {[%clk 1:23:07]} b6 {[%clk 1:17:17]} 12. Be3
{[%clk 1:19:24]} bxa5 {[%clk 1:13:56]} 13. Nc6 {[%clk 1:18:13]} Qc7
{[%clk 1:13:49]} 14. Nxa5 {[%clk 1:17:53]} Rb8 {[%clk 1:12:04]} 15. Nc4
{[%clk 1:17:21]} Be6 {[%clk 1:10:05]} 16. Nd5 {[%clk 1:15:49]} Nxd5
{[%clk 1:02:59]} 17. exd5 {[%clk 1:16:15]} Bf5 {[%clk 1:03:13]} 18. c3
{[%clk 1:13:31]} Rfc8 {[%clk 0:56:00]} 19. b4 {[%clk 1:09:56]} Nd3
{[%clk 0:49:26]} 20. Nb6 {[%clk 1:03:12]} Nb2 {[%clk 0:44:36]} 21. Qc1
{[%clk 0:56:49]} Rxb6 {[%clk 0:44:17]} 22. Qxb2 {[%clk 0:56:42]} Bxc3
{[%clk 0:39:37]} 23. Qc1 {[%clk 0:54:28]} Bxa1 {[%clk 0:36:17]} 24. Qxc7
{[%clk 0:54:26]} Rxc7 {[%clk 0:36:43]} 25. Bxb6 {[%clk 0:54:39]} Rb7
{[%clk 0:36:50]} 26. Rxa1 {[%clk 0:47:36]} Rxb6 {[%clk 0:37:13]} 27. Ra4
{[%clk 0:47:36]} Bc2 {[%clk 0:36:15]} 28. Rxa6 {[%clk 0:46:49]} Rxb4
{[%clk 0:36:32]} 29. Ra7 {[%clk 0:46:05]} Kf8 {[%clk 0:36:09]} 30. Ba6
{[%clk 0:44:11]} Bb3 {[%clk 0:35:30]} 31. Bb7 {[%clk 0:44:04]} Rb5
{[%clk 0:35:42]} 32. Bc6 {[%clk 0:44:24]} Rc5 {[%clk 0:36:07]} 33. Ra8+
{[%clk 0:43:25]} Kg7 {[%clk 0:36:29]} 34. Re8 {[%clk 0:43:22]} Kf6
{[%clk 0:36:48]} 35. g4 {[%clk 0:41:05]} Bxd5 {[%clk 0:36:30]} 36. g5+
{[%clk 0:41:23]} Ke6 {[%clk 0:35:50]} 37. Bxd5+ {[%clk 0:41:33]} Rxd5
{[%clk 0:36:16]} 38. f4 {[%clk 0:41:36]} Rf5 {[%clk 0:36:28]} 39. Rh8
{[%clk 0:41:48]} Rxf4 {[%clk 0:36:53]} 0-1

[Event "EYCC 2024 - G14"]
[Site "?"]
[Date "2024.08.26"]
[Round "5.5"]
[White "Sivashankar, Samyukta"]
[Black "Kurnaz, Duru"]
[Result "1/2-1/2"]
[BlackElo "1624"]
[WhiteElo "1801"]
[LiveChessVersion "1.4.8"]

1. e4 {[%clk 1:30:55]} c5 {[%clk 1:30:55]} 2. Nf3 {[%clk 1:31:20]} a6
{[%clk 1:31:19]} 3. c3 {[%clk 1:31:28]} d5 {[%clk 1:31:41]} 4. exd5
{[%clk 1:28:53]} Qxd5 {[%clk 1:31:58]} 5. d3 {[%clk 1:26:26]} Nf6
{[%clk 1:29:39]} 6. a4 {[%clk 1:21:29]} h6 {[%clk 1:23:15]} 7. Nbd2
{[%clk 1:18:55]} b6 {[%clk 1:03:07]} 8. Nc4 {[%clk 1:18:27]} Nbd7
{[%clk 1:03:13]} 9. g3 {[%clk 1:00:13]} Bb7 {[%clk 0:54:44]} 10. Bg2
{[%clk 1:00:28]} Qh5 {[%clk 0:51:31]} 11. O-O {[%clk 0:56:42]} g6
{[%clk 0:43:25]} 12. Re1 {[%clk 0:55:07]} e6 {[%clk 0:36:24]} 13. Bf4
{[%clk 0:54:13]} Nd5 {[%clk 0:32:34]} 14. Bd6 {[%clk 0:40:05]} Be7
{[%clk 0:29:27]} 15. Bxe7 {[%clk 0:35:37]} Kxe7 {[%clk 0:29:51]} 16. d4
{[%clk 0:30:35]} Rad8 {[%clk 0:21:16]} 17. Qb3 {[%clk 0:26:14]} Kf8
{[%clk 0:18:27]} 18. Nfe5 {[%clk 0:18:24]} Kg7 {[%clk 0:16:48]} 19. Nxd7
{[%clk 0:18:40]} Rxd7 {[%clk 0:16:49]} 20. Re5 {[%clk 0:17:56]} g5
{[%clk 0:15:48]} 21. Nxb6 {[%clk 0:15:52]} Nxb6 {[%clk 0:15:42]} 22. Qxb6
{[%clk 0:15:54]} Bxg2 {[%clk 0:15:34]} 23. Kxg2 {[%clk 0:16:13]} cxd4
{[%clk 0:15:46]} 24. cxd4 {[%clk 0:14:43]} Qg4 {[%clk 0:15:30]} 25. Qxa6
{[%clk 0:13:48]} Qxd4 {[%clk 0:15:32]} 26. Qe2 {[%clk 0:13:47]} Rb7
{[%clk 0:13:35]} 27. Rb5 {[%clk 0:12:17]} Rhb8 {[%clk 0:13:26]} 28. Rxb7
{[%clk 0:10:09]} Rxb7 {[%clk 0:13:48]} 29. Ra2 {[%clk 0:09:04]} Rb4
{[%clk 0:13:44]} 30. b3 {[%clk 0:08:10]} Qd5+ {[%clk 0:12:26]} 31. f3 Rxb3
{[%clk 0:12:14]} 32. Rd2 {[%clk 0:07:31]} 1/2-1/2

[Event "EYCC 2024 - G14"]
[Site "?"]
[Date "2024.08.26"]
[Round "5.6"]
[White "Li, Anna Sofie"]
[Black "Aldea, Maria-Antonia"]
[Result "1/2-1/2"]
[BlackElo "1827"]
[WhiteElo "2032"]
[LiveChessVersion "1.4.8"]

1. e4 {[%clk 1:30:56]} c5 {[%clk 1:30:54]} 2. Nf3 {[%clk 1:31:20]} a6
{[%clk 1:31:18]} 3. d4 {[%clk 1:31:43]} cxd4 {[%clk 1:31:41]} 4. Nxd4
{[%clk 1:32:05]} Nf6 {[%clk 1:32:05]} 5. Nc3 {[%clk 1:32:25]} e5 {[%clk 1:32:24]}
6. Nb3 {[%clk 1:31:05]} Bb4 {[%clk 1:32:32]} 7. Bd3 {[%clk 1:29:29]} Bxc3+
{[%clk 1:32:34]} 8. bxc3 {[%clk 1:29:47]} Qc7 {[%clk 1:32:20]} 9. Qd2
{[%clk 1:27:36]} d6 {[%clk 1:30:00]} 10. O-O {[%clk 1:24:23]} O-O
{[%clk 1:29:59]} 11. Bb2 {[%clk 1:16:28]} b6 {[%clk 1:24:59]} 12. Rae1
{[%clk 1:09:44]} Bb7 {[%clk 1:22:26]} 13. c4 {[%clk 1:08:00]} Nc6
{[%clk 1:17:29]} 14. f4 {[%clk 0:58:07]} Qe7 {[%clk 1:16:02]} 15. f5
{[%clk 0:46:00]} a5 {[%clk 1:14:25]} 16. Qe3 {[%clk 0:43:51]} Qc7
{[%clk 1:03:30]} 17. Rf3 {[%clk 0:32:42]} a4 {[%clk 1:01:51]} 18. Nd2
{[%clk 0:29:45]} Na5 {[%clk 0:56:13]} 19. Kh1 {[%clk 0:26:21]} Ba6
{[%clk 0:51:28]} 20. Ref1 {[%clk 0:20:01]} Nxc4 {[%clk 0:45:18]} 21. Nxc4
{[%clk 0:19:53]} Bxc4 {[%clk 0:45:44]} 22. Rg3 {[%clk 0:17:31]} g6
{[%clk 0:28:42]} 23. h4 {[%clk 0:14:39]} Bxd3 {[%clk 0:20:07]} 24. cxd3
{[%clk 0:14:37]} Kh8 {[%clk 0:14:17]} 25. d4 {[%clk 0:11:24]} Nh5
{[%clk 0:10:51]} 26. Rgf3 {[%clk 0:07:38]} f6 {[%clk 0:06:19]} 27. fxg6
{[%clk 0:04:22]} hxg6 {[%clk 0:06:42]} 28. dxe5 {[%clk 0:04:39]} dxe5
{[%clk 0:06:48]} 29. Qh6+ {[%clk 0:04:48]} Qh7 {[%clk 0:06:55]} 30. Qxh7+
{[%clk 0:05:03]} Kxh7 {[%clk 0:07:23]} 31. Bxe5 {[%clk 0:05:25]} Rfe8
{[%clk 0:03:16]} 32. Bxf6 {[%clk 0:04:11]} Nxf6 {[%clk 0:03:41]} 33. Rxf6
{[%clk 0:04:34]} Rxe4 {[%clk 0:04:02]} 1/2-1/2

[Event "EYCC 2024 - G14"]
[Site "?"]
[Date "2024.08.26"]
[Round "5.7"]
[White "Huseynli, Ayan"]
[Black "Stara, Zuzana"]
[Result "0-1"]
[BlackElo "2005"]
[WhiteElo "1804"]
[LiveChessVersion "1.4.8"]

1. Nf3 {[%clk 1:30:59]} d5 {[%clk 1:30:54]} 2. b3 {[%clk 1:31:27]} c5
{[%clk 1:31:13]} 3. e3 {[%clk 1:31:50]} Nc6 {[%clk 1:31:14]} 4. Bb5
{[%clk 1:32:14]} f6 {[%clk 1:31:28]} 5. Bxc6+ {[%clk 1:23:45]} bxc6
{[%clk 1:30:54]} 6. d4 {[%clk 1:23:53]} Bg4 {[%clk 1:27:36]} 7. h3
{[%clk 1:23:55]} Bh5 {[%clk 1:27:55]} 8. Bb2 {[%clk 1:21:14]} cxd4
{[%clk 1:27:07]} 9. exd4 {[%clk 1:21:06]} e6 {[%clk 1:24:20]} 10. O-O
{[%clk 1:19:58]} Bd6 {[%clk 1:24:02]} 11. Re1 {[%clk 1:20:08]} Bf7
{[%clk 1:24:02]} 12. c4 {[%clk 1:12:07]} Ne7 {[%clk 1:24:10]} 13. c5
{[%clk 1:10:47]} Bb8 {[%clk 1:22:43]} 14. b4 {[%clk 1:09:54]} O-O
{[%clk 1:20:18]} 15. a4 {[%clk 1:09:27]} a6 {[%clk 1:11:53]} 16. Nc3
{[%clk 1:07:43]} Ng6 {[%clk 1:06:53]} 17. b5 {[%clk 0:59:57]} Qd7
{[%clk 1:05:54]} 18. bxc6 {[%clk 0:54:56]} Qxc6 {[%clk 1:06:08]} 19. Na2
{[%clk 0:53:40]} Nf4 {[%clk 0:48:07]} 20. Nb4 {[%clk 0:51:40]} Qb7
{[%clk 0:45:32]} 21. Ba3 {[%clk 0:51:04]} Re8 {[%clk 0:44:31]} 22. Nd3
{[%clk 0:47:48]} Nxd3 {[%clk 0:42:05]} 23. Qxd3 {[%clk 0:48:14]} e5
{[%clk 0:40:52]} 24. Qc3 {[%clk 0:46:04]} e4 {[%clk 0:38:30]} 25. Nd2
{[%clk 0:46:20]} f5 {[%clk 0:36:09]} 26. Rab1 {[%clk 0:39:17]} Qc7
{[%clk 0:36:14]} 27. Nf1 {[%clk 0:38:55]} f4 {[%clk 0:29:46]} 28. f3
{[%clk 0:33:56]} e3 {[%clk 0:28:38]} 29. Re2 {[%clk 0:33:35]} Re6
{[%clk 0:22:53]} 30. Bb4 {[%clk 0:33:21]} Qc8 {[%clk 0:19:05]} 31. Ba5
{[%clk 0:32:24]} Bc7 {[%clk 0:19:18]} 32. Bxc7 {[%clk 0:30:52]} Qxc7
{[%clk 0:19:47]} 33. Qb4 {[%clk 0:29:52]} Bg6 {[%clk 0:15:04]} 34. Rb3
{[%clk 0:30:02]} a5 {[%clk 0:14:08]} 35. Qe1 {[%clk 0:29:10]} Qd7
{[%clk 0:12:37]} 36. Qd1 {[%clk 0:28:30]} Be8 {[%clk 0:10:55]} 37. Rb5
{[%clk 0:25:56]} Qa7 {[%clk 0:10:57]} 38. Rb1 {[%clk 0:25:07]} Qa6
{[%clk 0:11:09]} 39. Rbb2 {[%clk 0:25:25]} Qc4 {[%clk 0:10:12]} 40. Nh2
{[%clk 0:23:31]} Bxa4 {[%clk 0:09:41]} 41. Qa1 {[%clk 0:22:24]} h5
{[%clk 0:07:23]} 42. Nf1 {[%clk 0:20:03]} Ree8 {[%clk 0:07:19]} 43. g4
{[%clk 0:16:19]} Qxd4 {[%clk 0:06:40]} 44. Nxe3 {[%clk 0:14:15]} fxe3
{[%clk 0:06:39]} 45. Kg2 {[%clk 0:14:10]} Bd1 {[%clk 0:05:21]} 46. Re1
{[%clk 0:14:11]} e2 {[%clk 0:05:45]} 47. Qc1 {[%clk 0:14:19]} Rac8
{[%clk 0:03:41]} 48. c6 {[%clk 0:14:23]} Qf6 {[%clk 0:03:43]} 49. Rb6
{[%clk 0:14:11]} Rf8 {[%clk 0:03:23]} 50. Qa3 {[%clk 0:14:02]} Rxc6
{[%clk 0:03:10]} 51. Rxc6 {[%clk 0:14:21]} Qxc6 {[%clk 0:03:40]} 52. Kf2
{[%clk 0:13:29]} Qb6+ {[%clk 0:03:31]} 53. Kg2 {[%clk 0:13:50]} Qb4
{[%clk 0:03:37]} 0-1

[Event "EYCC 2024 - G14"]
[Site "?"]
[Date "2024.08.26"]
[Round "5.8"]
[White "Derlich, Sarah Sima"]
[Black "Bartova, Hana"]
[Result "1/2-1/2"]
[BlackElo "1796"]
[WhiteElo "1982"]
[LiveChessVersion "1.4.8"]

1. e4 {[%clk 1:30:58]} e5 {[%clk 1:30:55]} 2. Nf3 {[%clk 1:31:22]} Nf6
{[%clk 1:31:19]} 3. Nxe5 {[%clk 1:31:41]} d6 {[%clk 1:31:43]} 4. Nf3
{[%clk 1:32:01]} Nxe4 {[%clk 1:32:07]} 5. d4 {[%clk 1:32:24]} d5 {[%clk 1:32:32]}
6. Bd3 {[%clk 1:32:42]} Nc6 {[%clk 1:32:41]} 7. O-O {[%clk 1:32:22]} Be7
{[%clk 1:32:43]} 8. Re1 {[%clk 1:28:52]} Bg4 {[%clk 1:32:12]} 9. c3
{[%clk 1:24:38]} f5 {[%clk 1:32:16]} 10. Nbd2 {[%clk 1:19:40]} O-O
{[%clk 1:32:16]} 11. a4 {[%clk 1:17:27]} Rf6 {[%clk 1:24:06]} 12. Nf1
{[%clk 1:11:58]} Rg6 {[%clk 1:14:40]} 13. Ng3 {[%clk 1:10:28]} Bd6
{[%clk 1:08:23]} 14. Qb3 {[%clk 1:02:50]} Bxg3 {[%clk 1:00:08]} 15. hxg3
{[%clk 1:02:16]} Bxf3 {[%clk 0:58:38]} 16. gxf3 {[%clk 1:01:48]} Nxg3
{[%clk 0:55:10]} 17. fxg3 {[%clk 0:59:44]} Qd6 {[%clk 0:54:01]} 18. Bf4
{[%clk 0:46:37]} Qxf4 {[%clk 0:47:26]} 19. Qxd5+ {[%clk 0:46:14]} Kh8
{[%clk 0:47:32]} 20. g4 {[%clk 0:46:09]} Qg3+ {[%clk 0:24:16]} 21. Kf1
{[%clk 0:46:13]} fxg4 {[%clk 0:21:22]} 22. Qe4 {[%clk 0:25:01]} Rf8
{[%clk 0:18:52]} 23. Ke2 {[%clk 0:08:59]} Qxf3+ {[%clk 0:16:23]} 24. Qxf3
{[%clk 0:07:48]} gxf3+ {[%clk 0:16:46]} 25. Ke3 {[%clk 0:07:33]} f2
{[%clk 0:15:10]} 26. Rh1 {[%clk 0:07:03]} Rg3+ {[%clk 0:13:53]} 27. Kd2
{[%clk 0:06:16]} h6 {[%clk 0:13:52]} 28. Be4 {[%clk 0:05:46]} Rf6
{[%clk 0:12:26]} 29. b4 {[%clk 0:04:23]} Rf4 {[%clk 0:10:12]} 30. Bd5
{[%clk 0:03:51]} Nxd4 {[%clk 0:10:13]} 31. Rab1 {[%clk 0:00:36]} Nf3+
{[%clk 0:08:40]} 32. Ke3 Rf6 {[%clk 0:01:07]} 33. Kxf2 {[%clk 0:00:48]} Rg4
{[%clk 0:00:53]} 34. Bxf3 {[%clk 0:01:02]} Rgf4 {[%clk 0:01:19]} 35. Rh3
{[%clk 0:00:49]} g5 {[%clk 0:01:41]} 36. Ke3 {[%clk 0:00:35]} g4 {[%clk 0:01:51]}
37. Rxh6+ {[%clk 0:00:49]} Rxh6 {[%clk 0:02:08]} 38. Kxf4 {[%clk 0:01:13]} gxf3
{[%clk 0:02:33]} 39. Rf1 {[%clk 0:01:12]} Rf6+ {[%clk 0:02:11]} 40. Kg3
{[%clk 0:01:27]} Rg6+ {[%clk 0:01:26]} 41. Kxf3 {[%clk 0:01:40]} Rf6+
{[%clk 0:01:45]} 42. Ke2 {[%clk 0:02:05]} Rxf1 {[%clk 0:02:02]} 43. Kxf1
{[%clk 0:02:34]} Kg7 {[%clk 0:02:27]} 44. Ke2 {[%clk 0:02:48]} Kf6
{[%clk 0:02:50]} 45. Kd3 {[%clk 0:03:05]} Ke5 {[%clk 0:03:10]} 46. c4
{[%clk 0:02:58]} c6 {[%clk 0:03:17]} 47. a5 {[%clk 0:01:49]} b5 {[%clk 0:01:27]}
48. axb6 {[%clk 0:01:43]} axb6 {[%clk 0:01:56]} 49. Ke3 {[%clk 0:02:00]} b5
{[%clk 0:01:50]} 1/2-1/2

[Event "EYCC 2024 - G14"]
[Site "?"]
[Date "2024.08.26"]
[Round "5.9"]
[White "Nenova, Andzhelika"]
[Black "Oflaz, Fatma Zehra"]
[Result "0-1"]
[BlackElo "1779"]
[WhiteElo "1969"]
[LiveChessVersion "1.4.8"]

1. e4 {[%clk 1:30:55]} e5 {[%clk 1:30:56]} 2. Nf3 {[%clk 1:31:21]} Nc6
{[%clk 1:31:23]} 3. Bc4 {[%clk 1:31:45]} Bc5 {[%clk 1:31:47]} 4. c3
{[%clk 1:32:08]} Nf6 {[%clk 1:32:13]} 5. d4 {[%clk 1:32:25]} exd4
{[%clk 1:32:38]} 6. b4 {[%clk 1:32:49]} Bb6 {[%clk 1:30:06]} 7. e5
{[%clk 1:32:58]} d5 {[%clk 1:29:14]} 8. exf6 {[%clk 1:33:19]} dxc4
{[%clk 1:29:34]} 9. Qe2+ {[%clk 1:33:43]} Be6 {[%clk 1:29:03]} 10. b5
{[%clk 1:33:53]} Na5 {[%clk 1:22:34]} 11. fxg7 {[%clk 1:33:44]} Rg8
{[%clk 1:22:37]} 12. cxd4 {[%clk 1:34:00]} Bxd4 {[%clk 1:19:16]} 13. Nxd4
{[%clk 1:34:22]} Qxd4 {[%clk 1:19:44]} 14. Bb2 {[%clk 1:34:44]} Qd3
{[%clk 1:18:24]} 15. Nc3 {[%clk 1:26:48]} O-O-O {[%clk 1:12:16]} 16. Rd1
{[%clk 1:12:33]} Qg6 {[%clk 1:08:52]} 17. Rxd8+ {[%clk 0:49:23]} Rxd8
{[%clk 1:07:08]} 18. O-O {[%clk 0:40:20]} Qxg7 {[%clk 1:02:06]} 19. Na4
{[%clk 0:21:08]} Qg5 {[%clk 0:57:00]} 20. Be5 {[%clk 0:18:39]} Qd2
{[%clk 0:30:27]} 21. Qe4 {[%clk 0:14:13]} Qd5 {[%clk 0:21:55]} 22. Qe3
{[%clk 0:08:18]} Qxb5 {[%clk 0:15:50]} 23. Nc3 {[%clk 0:07:09]} Qb6
{[%clk 0:15:01]} 24. Qg3 {[%clk 0:06:18]} Bf5 {[%clk 0:08:41]} 25. h4
{[%clk 0:04:26]} h5 {[%clk 0:05:27]} 26. Re1 {[%clk 0:04:24]} Nc6
{[%clk 0:02:45]} 27. Bf6 {[%clk 0:02:05]} Rd3 {[%clk 0:02:13]} 28. Qg5
{[%clk 0:01:25]} Bg6 {[%clk 0:02:06]} 29. Nd5 {[%clk 0:00:57]} Qa5
{[%clk 0:01:30]} 30. Re8+ {[%clk 0:00:36]} Kd7 {[%clk 0:01:45]} 31. Qf4
{[%clk 0:00:32]} Kxe8 {[%clk 0:01:03]} 32. Nxc7+ {[%clk 0:00:34]} Kd7
{[%clk 0:01:13]} 33. Qxc4 {[%clk 0:00:33]} Rd1+ {[%clk 0:01:26]} 34. Kh2
{[%clk 0:00:55]} Qxc7+ {[%clk 0:01:51]} 35. g3 {[%clk 0:01:15]} Qd6
{[%clk 0:01:59]} 0-1